[Event "ESCC 2014 - 65+ Rapid"]
[Site "Porto POR"]
[Date "2014.03.19"]
[Round "5.1"]
[White "Suba, Mihai"]
[Black "Butnorius, Algimantas"]
[Result "1-0"]
[WhiteElo "2379"]
[BlackElo "2340"]
[PlyCount "83"]
[EventDate "2014.??.??"]

1. c4 e6 2. Nc3 d5 3. d4 Be7 4. Nf3 Nf6 5. Bf4 O-O 6. e3 c5 7. dxc5 Bxc5 8. Qc2
Nc6 9. a3 Qa5 10. Nd2 Be7 11. Be2 e5 12. Bg3 d4 13. Nb3 Qb6 14. exd4 Nxd4 15.
Nxd4 exd4 16. Nb5 Be6 17. Rd1 Rac8 18. Nxd4 Qa5+ 19. Rd2 Bd7 20. O-O b5 21.
Rfd1 bxc4 22. Bxc4 Ba4 23. b3 Bd7 24. a4 Bb4 25. Re2 Rfe8 26. Rxe8+ Rxe8 27.
Nf3 Bg4 28. Qd3 Ne4 29. Qd5 Qxd5 30. Rxd5 Nc3 31. Re5 Rd8 32. h3 Bxf3 33. gxf3
a5 34. Kg2 Kf8 35. Re3 f6 36. h4 h5 37. Bc7 Rc8 38. Bg3 Nxa4 39. Be6 Rd8 40.
bxa4 Rd2 41. Bf5 Bc5 42. Rc3 1-0

[Event "ESCC 2014 - 65+ Rapid"]
[Site "Porto POR"]
[Date "2014.03.19"]
[Round "5.2"]
[White "Gruzmann, Boris"]
[Black "Gaprindashvili, Nona"]
[Result "0-1"]
[WhiteElo "2159"]
[BlackElo "2244"]
[PlyCount "98"]
[EventDate "2014.??.??"]

1. e4 b6 2. d4 Bb7 3. Nc3 e6 4. f3 Ne7 5. Be3 d5 6. Qd2 Nd7 7. O-O-O Nf6 8. e5
Nd7 9. g4 h5 10. Nge2 a6 11. h3 c5 12. Bg2 Qc7 13. f4 g6 14. gxh5 gxh5 15. h4
Nf5 16. Bf2 Bh6 17. Bh3 Ng7 18. Kb1 O-O-O 19. Rdg1 Kb8 20. Rg3 Nf8 21. Rhg1 Ng6
22. Rxg6 fxg6 23. Rxg6 Bc8 24. Be3 Rdf8 25. Na4 c4 26. Qb4 Ka7 27. b3 cxb3 28.
axb3 Nf5 29. Bxf5 Rxf5 30. Ng3 Rf7 31. Nxh5 Bf8 32. Qe1 Rxh5 33. Qg3 Be7 34.
Rg8 Rxh4 35. Qg6 Rhh7 36. f5 Rh1+ 37. Kb2 Rxf5 38. Rg7 Rh2 39. Nc3 b5 40. Qe8
Ba3+ 41. Kxa3 Qxg7 42. Qxc8 Qf8+ 43. Qxf8 Rxf8 44. Bg5 Rc8 45. Na2 Rcxc2 46.
Nb4 Rc8 47. Be7 a5 48. Nd3 Rcc2 49. b4 Rc3# 0-1

[Event "ESCC 2014 - 65+ Rapid"]
[Site "Porto POR"]
[Date "2014.03.19"]
[Round "5.3"]
[White "Grinberg, Iosif P"]
[Black "Schouten, Nico"]
[Result "0-1"]
[WhiteElo "2161"]
[BlackElo "2179"]
[PlyCount "192"]
[EventDate "2014.??.??"]

1. d4 Nf6 2. c4 g6 3. Nc3 Bg7 4. e4 d6 5. Nf3 O-O 6. Be2 e5 7. O-O exd4 8. Nxd4
Re8 9. f3 Na6 10. Nb3 Bd7 11. Bg5 h6 12. Be3 Bc6 13. Qd2 Kh7 14. Rad1 b6 15.
Qc1 Qc8 16. a3 Nc5 17. Nd4 Bd7 18. b4 Ne6 19. Nd5 Ng8 20. Nf4 Nxf4 21. Bxf4 a5
22. b5 Qd8 23. a4 Qe7 24. Rfe1 Qf6 25. Be3 Re5 26. Nb3 Re7 27. Bd4 Qe6 28. Bxg7
Kxg7 29. Bf1 g5 30. Qc3+ Qf6 31. Qxf6+ Nxf6 32. Rd2 Bc8 33. Red1 Nd7 34. Nd4
Nc5 35. Ra1 Bd7 36. Rb2 Rae8 37. Nb3 Nxb3 38. Rxb3 Re5 39. Rc3 f5 40. Bd3 Kf6
41. Ra2 Rc5 42. Kf2 fxe4 43. Bxe4 Be6 44. Rac2 Bf7 45. g3 Re7 46. Bd3 Rce5 47.
Re2 Rxe2+ 48. Bxe2 Re5 49. Bd3 Rc5 50. Ke3 Ke5 51. f4+ gxf4+ 52. gxf4+ Kf6 53.
Kd4 Rh5 54. Rc2 Rh3 55. Rf2 Bh5 56. Bf1 Ra3 57. Kd5 Be8 58. f5 Rxa4 59. Rf3 Ra2
60. Rh3 Rd2+ 61. Ke4 h5 62. Ke3 Rb2 63. Kd4 Bf7 64. Kc3 Rf2 65. Bd3 Rf4 66. Re3
h4 67. h3 a4 68. Kb4 a3 69. Kxa3 Bxc4 70. Bxc4 Rxc4 71. Rf3 Rc5 72. Rf4 Rxb5
73. Rxh4 Rxf5 74. Kb4 c6 75. Rh8 Rf4+ 76. Kc3 b5 77. Rh6+ Ke5 78. Rh5+ Ke4 79.
Rh6 Ke5 80. Rh5+ Ke6 81. Rh6+ Rf6 82. Rh8 Rf3+ 83. Kd4 c5+ 84. Ke4 Rf7 85. h4
d5+ 86. Ke3 d4+ 87. Ke4 Rd7 88. Rh6+ Ke7 89. h5 Kf8 90. Kd3 c4+ 91. Kd2 d3 92.
Rf6+ Kg7 93. Rf1 b4 94. Rf4 c3+ 95. Kd1 b3 96. Rb4 b2 0-1

[Event "ESCC 2014 - 65+ Rapid"]
[Site "Porto POR"]
[Date "2014.03.19"]
[Round "5.4"]
[White "Boysan, Hasan Ferit"]
[Black "Beznosikov, Vladimir"]
[Result "0-1"]
[WhiteElo "1969"]
[BlackElo "2356"]
[PlyCount "132"]
[EventDate "2014.??.??"]

1. Nf3 c5 2. g3 g6 3. Bg2 Bg7 4. O-O Nc6 5. d3 d5 6. Nbd2 Nf6 7. e4 O-O 8. c3
Bg4 9. h3 Bxf3 10. Bxf3 dxe4 11. dxe4 Ne5 12. Bg2 Qd7 13. Qc2 Rfd8 14. Kh2 Rac8
15. Nf3 Qd3 16. Qxd3 Nxd3 17. e5 Nd5 18. e6 fxe6 19. Ng5 Nc7 20. Be3 b6 21.
Rab1 h6 22. Ne4 Nd5 23. Bd2 Kh7 24. Kg1 c4 25. h4 e5 26. b3 cxb3 27. axb3 Nf6
28. Rfd1 Rc7 29. c4 Rcd7 30. Bc3 Nxe4 31. Bxe4 Nc5 32. Rxd7 Rxd7 33. Bc2 e4 34.
Bxg7 Kxg7 35. Re1 Rd4 36. Re3 Kf6 37. Kf1 a5 38. Ke2 e5 39. Rc3 h5 40. Re3 a4
41. Rc3 a3 42. b4 a2 43. Ra3 Rxc4 44. Rxa2 Rxb4 45. Ke3 Rc4 46. Rb2 b5 47. Bd1
b4 48. Be2 Rc3+ 49. Kd2 e3+ 50. fxe3 Ne4+ 51. Kd1 b3 52. Bf3 Nxg3 53. Kd2 Rc2+
54. Rxc2 bxc2 55. Kxc2 Nf5 56. Kd3 Nxh4 57. Be2 Nf5 58. Bf3 Ng7 59. Ke2 g5 60.
Be4 g4 61. Kf2 Nf5 62. Bc6 h4 63. Bd7 Kg5 64. Bc8 h3 65. Bd7 g3+ 66. Kf3 e4+
0-1

[Event "ESCC 2014 - 65+ Rapid"]
[Site "Porto POR"]
[Date "2014.03.19"]
[Round "5.5"]
[White "Malachi, Avraham"]
[Black "Gorshkov, Yury S"]
[Result "0-1"]
[WhiteElo "2097"]
[BlackElo "2320"]
[PlyCount "52"]
[EventDate "2014.??.??"]

1. e4 c5 2. Nf3 Nc6 3. d4 cxd4 4. Nxd4 Qb6 5. Nb3 Nf6 6. Nc3 e6 7. Be3 Qc7 8.
Be2 a6 9. O-O b5 10. a3 d6 11. f4 Be7 12. Bf3 Bb7 13. g4 Rc8 14. g5 Nd7 15. Qe1
b4 16. axb4 Nxb4 17. Qf2 O-O 18. Rae1 Rfe8 19. Bg4 Bf8 20. Bd4 g6 21. f5 exf5
22. exf5 Qc6 23. Qg3 Rxe1 24. Rxe1 Nxc2 25. fxg6 Qh1+ 26. Kf2 Qxe1# 0-1

[Event "ESCC 2014 - 65+ Rapid"]
[Site "Porto POR"]
[Date "2014.03.19"]
[Round "5.6"]
[White "Sasu-Ducsoara, Adrian-Florian"]
[Black "Gundersen, Helge"]
[Result "1/2-1/2"]
[WhiteElo "2170"]
[BlackElo "2162"]
[PlyCount "113"]
[EventDate "2014.??.??"]

1. e4 e6 2. d4 d5 3. Nc3 Bb4 4. Nge2 dxe4 5. a3 Be7 6. Nxe4 Nc6 7. c3 Nf6 8.
N2g3 Nxe4 9. Nxe4 Qd5 10. Qf3 f5 11. Ng5 O-O 12. Qxd5 exd5 13. Bb5 Bd7 14. Bxc6
Bxc6 15. Nh3 Bb5 16. Bf4 Rae8 17. Kd2 Bd6 18. Rae1 Re4 19. Bxd6 cxd6 20. f3
Ree8 21. Nf4 Bc4 22. h4 Kf7 23. Kc2 h6 24. b3 g5 25. hxg5 hxg5 26. Nh3 g4 27.
Nf4 Ba6 28. Nxd5 Rh8 29. Rxh8 Rxe1 30. Nf4 gxf3 31. gxf3 Rf1 32. c4 Rf2+ 33.
Kc3 Rxf3+ 34. Nd3 Rg3 35. d5 f4 36. b4 b5 37. c5 dxc5 38. Rh7+ Ke8 39. Rxa7 c4
40. Rxa6 Rxd3+ 41. Kc2 Rxd5 42. Rf6 Rd4 43. Rf5 Rd3 44. Rxf4 Rxa3 45. Rf5 Ra2+
46. Kc3 Ra3+ 47. Kc2 Ra2+ 48. Kc3 Ra3+ 49. Kd4 Rd3+ 50. Kc5 c3 51. Rf1 c2 52.
Rc1 Rc3+ 53. Kxb5 Kd7 54. Ka4 Kc6 55. b5+ Kc5 56. b6 Kxb6 57. Kb4 1/2-1/2

[Event "ESCC 2014 - 65+ Rapid"]
[Site "Porto POR"]
[Date "2014.03.19"]
[Round "5.7"]
[White "Tseitlin, Mark D"]
[Black "Hutchinson, Norman A"]
[Result "1/2-1/2"]
[WhiteElo "2353"]
[BlackElo "2100"]
[PlyCount "37"]
[EventDate "2014.??.??"]

1. e4 c6 2. Nc3 d5 3. Nf3 e6 4. d4 Nf6 5. e5 Ne4 6. Bd3 f5 7. exf6 Nxf6 8. Ne5
c5 9. dxc5 Bxc5 10. O-O O-O 11. Bg5 Qc7 12. Qe2 Nc6 13. Nf3 Ng4 14. Nb5 Qb8 15.
h3 Rxf3 16. hxg4 Rh3 17. gxh3 Qg3+ 18. Kh1 Qxh3+ 19. Kg1 1/2-1/2

[Event "ESCC 2014 - 65+ Rapid"]
[Site "Porto POR"]
[Date "2014.03.19"]
[Round "5.8"]
[White "Kozlovskaya, Valentina"]
[Black "Zhelesny, Stanislav"]
[Result "1-0"]
[WhiteElo "2155"]
[BlackElo "2171"]
[PlyCount "93"]
[EventDate "2014.??.??"]

1. d4 Nf6 2. c4 g6 3. Nc3 d5 4. cxd5 Nxd5 5. e4 Nb6 6. Be3 Bg7 7. Rc1 O-O 8.
Be2 Nc6 9. d5 Ne5 10. b3 c6 11. f4 Ned7 12. dxc6 bxc6 13. Nf3 Bb7 14. O-O Rc8
15. e5 Re8 16. Ng5 e6 17. Nge4 Bf8 18. Nd6 Bxd6 19. Qxd6 Nf8 20. Ne4 Nd5 21.
Bd2 f5 22. Qxd8 Rcxd8 23. Nd6 Re7 24. Nxb7 Rxb7 25. Rxc6 Nc7 26. Ba5 Rd7 27.
Bxc7 Rbxc7 28. Rxc7 Rxc7 29. Bc4 Rd7 30. Rc1 Kf7 31. Rc2 Rd4 32. g3 h6 33. Bb5
g5 34. Rc7+ Kg8 35. fxg5 hxg5 36. Bc4 Rd1+ 37. Bf1 Re1 38. Rxa7 Rxe5 39. b4 Re4
40. b5 Rb4 41. Re7 Rb2 42. a4 f4 43. a5 g4 44. a6 Ng6 45. Rxe6 Kf7 46. Rxg6
Kxg6 47. gxf4 1-0

[Event "ESCC 2014 - 65+ Rapid"]
[Site "Porto POR"]
[Date "2014.03.19"]
[Round "5.9"]
[White "Khmiadashvili, Tamar"]
[Black "Tsifanskaya, Ludmila A"]
[Result "1-0"]
[WhiteElo "2026"]
[BlackElo "2106"]
[PlyCount "109"]
[EventDate "2014.??.??"]

1. e4 c5 2. Nc3 Nc6 3. Bb5 Nd4 4. a4 g6 5. Nce2 Nxb5 6. axb5 Bg7 7. c4 d6 8.
Nc3 Nf6 9. Nge2 O-O 10. O-O Bd7 11. d4 cxd4 12. Nxd4 Qc7 13. Qd3 a6 14. Bg5 Qc5
15. Be3 Qh5 16. f3 axb5 17. Ndxb5 Bc6 18. Nc7 Rac8 19. N7d5 Bxd5 20. cxd5 Nd7
21. Ra7 Ne5 22. Qe2 Nc4 23. Bf2 Nxb2 24. Nb5 Nc4 25. Rxb7 e6 26. Nc7 exd5 27.
Nxd5 Be5 28. g3 Na5 29. Rb5 Nc6 30. Qd3 Qh3 31. f4 Bg7 32. Rb6 Rfe8 33. Ra6 Qe6
34. Re1 Nb8 35. Ra7 Nd7 36. Nc7 Rxc7 37. Rxc7 Nc5 38. Bxc5 dxc5 39. Rxc5 Qb6
40. Qe3 Bf8 41. Rc3 Qxe3+ 42. Rexe3 Bb4 43. Rc2 Ra8 44. Kg2 h5 45. e5 Ra6 46.
Kf3 Kg7 47. h3 Be7 48. g4 hxg4+ 49. hxg4 Ra4 50. Rc7 Bd8 51. Rd7 Bb6 52. Rb3
Bc5 53. e6 Kf6 54. exf7 g5 55. fxg5+ 1-0

[Event "ESCC 2014 - 65+ Rapid"]
[Site "Porto POR"]
[Date "2014.03.19"]
[Round "5.10"]
[White "Sevenyuk, Alexey"]
[Black "Alves, Fernando"]
[Result "1-0"]
[WhiteElo "1918"]
[BlackElo "1802"]
[PlyCount "71"]
[EventDate "2014.??.??"]

1. d4 Nf6 2. c4 c5 3. d5 b5 4. cxb5 a6 5. b6 g6 6. g3 Qxb6 7. Bg2 d6 8. b3 Bg7
9. Bb2 O-O 10. Nd2 Nbd7 11. e4 Qa7 12. f4 Bb7 13. Ne2 a5 14. a4 Ba6 15. Nc4 Nb6
16. Qc2 Nxc4 17. bxc4 Rfb8 18. O-O Bxc4 19. Rfc1 Bxe2 20. Qxe2 Rxb2 21. Qxb2
Ng4 22. Qe2 Bd4+ 23. Kf1 Ne3+ 24. Ke1 Rb8 25. Ra2 Rb4 26. Bf1 c4 27. g4 Qd7 28.
f5 Rxa4 29. Rb1 Rxa2 30. Qxa2 Qc7 31. Qa4 Bc3+ 32. Ke2 Qc5 33. Qe8+ Kg7 34. Rb8
Be5 35. g5 gxf5 36. Qg8# 1-0

[Event "ESCC 2014 - 65+ Rapid"]
[Site "Porto POR"]
[Date "2014.03.19"]
[Round "5.11"]
[White "Kabanova, Irina"]
[Black "Santos, Júlio"]
[Result "1-0"]
[WhiteElo "1966"]
[BlackElo "1981"]
[PlyCount "129"]
[EventDate "2014.??.??"]

1. e4 e5 2. Nf3 Nc6 3. d4 exd4 4. Bc4 d6 5. Nxd4 g6 6. Be3 Bg7 7. Nc3 Nge7 8.
O-O O-O 9. Qd2 Ne5 10. Be2 a6 11. h3 f5 12. exf5 gxf5 13. Nf3 Bd7 14. Bd4 N7c6
15. Be3 Ng6 16. Bg5 Bf6 17. Bh6 Bg7 18. Qd5+ Kh8 19. Bxg7+ Kxg7 20. Qd2 Nce5
21. Nd5 c6 22. Nf4 Nxf3+ 23. Bxf3 d5 24. Nh5+ Kg8 25. Qd4 Rf7 26. Rfe1 Qg5 27.
Kh2 Qh4 28. Qd2 Re8 29. Rxe8+ Bxe8 30. Re1 Qd8 31. Qd4 Qd6+ 32. g3 Bd7 33. c4
Be6 34. c5 Qe7 35. Qe3 Nf8 36. Qh6 Ng6 37. Qe3 Qd7 38. Qxe6 Qxe6 39. Rxe6 Rf8
40. Nf6+ Kf7 41. Rd6 Ne5 42. Kg2 h6 43. Bh5+ Ke7 44. Ne8 Nc4 45. Rxh6 Rxe8 46.
Bxe8 Kxe8 47. b3 Nd2 48. Rh7 Ne4 49. Rxb7 Nxc5 50. Rc7 d4 51. Kf3 Nd7 52. Ke2
Ne5 53. f4 d3+ 54. Kd2 Kd8 55. Ra7 Nd7 56. Kxd3 Ke7 57. Kd4 Kd6 58. h4 c5+ 59.
Kc3 Nb8 60. Rh7 Kd5 61. Re7 Nc6 62. Re1 Nb8 63. h5 Kc6 64. h6 Kb5 65. h7 1-0

[Event "ESCC 2014 - 65+ Rapid"]
[Site "Porto POR"]
[Date "2014.03.19"]
[Round "5.12"]
[White "Urbanc, Vinko"]
[Black "Grabow, Pouelsten Holm"]
[Result "0-1"]
[WhiteElo "1860"]
[BlackElo "2095"]
[PlyCount "82"]
[EventDate "2014.??.??"]

1. c4 c6 2. Nf3 d5 3. cxd5 cxd5 4. d4 Nf6 5. e3 Nc6 6. Be2 Bf5 7. O-O e6 8. Bd2
Bd6 9. Nc3 O-O 10. Rc1 Ne4 11. Be1 Rc8 12. a3 Qe7 13. Bd3 a6 14. Qe2 Rc7 15.
Na4 Nxd4 16. Qd1 Rxc1 17. Qxc1 Nxf3+ 18. gxf3 Ng5 19. Be2 Bh3 20. Bc3 Bxf1 21.
Kxf1 f6 22. f4 Ne4 23. Be1 Qd7 24. Qd1 b5 25. Nc3 f5 26. f3 Nxc3 27. Bxc3 Bc5
28. Bd4 Qa7 29. Qd3 Bxd4 30. exd4 Rc8 31. Qe3 Kf7 32. Bd3 Qc7 33. Ke2 Qc1 34.
Qxc1 Rxc1 35. Kd2 Rh1 36. a4 Rxh2+ 37. Kc3 b4+ 38. Kxb4 Rxb2+ 39. Ka5 Ke7 40.
Bxf5 exf5 41. Kxa6 h5 0-1

[Event "ESCC 2014 - 65+ Rapid"]
[Site "Porto POR"]
[Date "2014.03.19"]
[Round "5.13"]
[White "Santos, Amadeu Solha"]
[Black "Birkestrand, Odd"]
[Result "0-1"]
[WhiteElo "1614"]
[BlackElo "1875"]
[PlyCount "100"]
[EventDate "2014.??.??"]

1. b3 e5 2. Bb2 Nc6 3. e3 d5 4. Bb5 Bd6 5. Nf3 Qf6 6. d4 e4 7. Ne5 Nge7 8. Nc3
O-O 9. Nxc6 bxc6 10. Be2 Qg6 11. g3 a5 12. Qd2 Bb4 13. a3 Bd6 14. O-O-O f5 15.
f4 Qe8 16. h3 Ng6 17. g4 fxg4 18. Bxg4 Bxg4 19. hxg4 Nxf4 20. Rdf1 Ng6 21. Qg2
Qe7 22. Nb1 Rxf1+ 23. Rxf1 Qg5 24. Qh3 Nh4 25. Nd2 Rf8 26. Rxf8+ Kxf8 27. Kb1
Qf6 28. c4 g5 29. c5 Be7 30. Nf1 Qf2 31. Ng3 Qg2 32. Qxg2 Nxg2 33. Nf5 Bf6 34.
Bc3 Nh4 35. Bxa5 Nxf5 36. gxf5 h5 37. Bxc7 h4 38. Kc2 Ke8 39. Kd2 Kd7 40. Bb8
g4 41. Ke2 Bd8 42. Kf1 Ke7 43. Kg2 Kf6 44. b4 Kxf5 45. a4 Ke6 46. b5 Kd7 47. b6
Kc8 48. a5 Kxb8 49. a6 Bg5 50. Kf2 h3 0-1

[Event "ESCC 2014 - 65+ Rapid"]
[Site "Porto POR"]
[Date "2014.03.19"]
[Round "5.14"]
[White "Brandão, Álvaro"]
[Black "Marcelino, José"]
[Result "1-0"]
[WhiteElo "1601"]
[BlackElo "1374"]
[PlyCount "77"]
[EventDate "2014.??.??"]

1. Nf3 Nf6 2. b3 Nc6 3. Bb2 e6 4. e3 Be7 5. d4 d5 6. Bb5 Bd7 7. O-O O-O 8. c4
a6 9. Bxc6 bxc6 10. c5 Ne4 11. Ne5 Be8 12. f3 Nf6 13. Nd2 Qb8 14. Qc2 Qb7 15.
f4 Nd7 16. Ndf3 f5 17. Ng5 Nf6 18. Nxe6 Ne4 19. Nxf8 Bxf8 20. Rf3 g6 21. g4 Qc8
22. Qg2 Bd7 23. Nxd7 Qxd7 24. h3 Be7 25. g5 Qd8 26. a4 a5 27. Rb1 Rb8 28. Bc1
Rb4 29. Bd2 Nxd2 30. Qxd2 Qb8 31. Qd1 Bf8 32. h4 Bg7 33. Rh3 h5 34. gxh6 Bxh6
35. Rg3 Kf7 36. h5 gxh5 37. Qxh5+ Ke7 38. Qxh6 Rxb3 39. Rg7+ 1-0

[Event "ESCC 2014 - 65+ Rapid"]
[Site "Porto POR"]
[Date "2014.03.20"]
[Round "6.1"]
[White "Schouten, Nico"]
[Black "Suba, Mihai"]
[Result "0-1"]
[WhiteElo "2179"]
[BlackElo "2379"]
[PlyCount "33"]
[EventDate "2014.??.??"]

1. b4 e5 2. Bb2 Bxb4 3. Bxe5 Nf6 4. e3 O-O 5. Nf3 d5 6. Be2 c5 7. O-O Nc6 8.
Bxf6 Qxf6 9. c3 Ba5 10. d4 c4 11. Nbd2 Bxc3 12. Rb1 a6 13. e4 Bxd2 14. exd5
Nxd4 15. Qxd2 Nxe2+ 16. Qxe2 Bf5 17. Ra1 0-1

[Event "ESCC 2014 - 65+ Rapid"]
[Site "Porto POR"]
[Date "2014.03.20"]
[Round "6.2"]
[White "Gaprindashvili, Nona"]
[Black "Butnorius, Algimantas"]
[Result "0-1"]
[WhiteElo "2244"]
[BlackElo "2340"]
[PlyCount "70"]
[EventDate "2014.??.??"]

1. d4 Nf6 2. c4 e6 3. Nf3 b6 4. e3 Bb7 5. Bd3 d5 6. O-O Bd6 7. Nc3 O-O 8. Qe2
Ne4 9. Qc2 f5 10. cxd5 exd5 11. Nb5 Ba6 12. Nxd6 Bxd3 13. Qxd3 Qxd6 14. Ne5 Nd7
15. f3 Nec5 16. Qc3 Nxe5 17. dxe5 Qd7 18. b3 Ne6 19. Rd1 c5 20. Bb2 Rad8 21. f4
Qb7 22. Rd2 Rd7 23. Rad1 Rfd8 24. Qd3 g6 25. Qe2 b5 26. Qf3 Qc6 27. Rc1 b4 28.
h3 Rc7 29. Rdc2 a5 30. a4 bxa3 31. Bxa3 Qb5 32. Rc3 d4 33. exd4 Nxd4 34. Qf1
Ne2+ 35. Kh2 Nxc3 0-1

[Event "ESCC 2014 - 65+ Rapid"]
[Site "Porto POR"]
[Date "2014.03.20"]
[Round "6.4"]
[White "Gundersen, Helge"]
[Black "Gruzmann, Boris"]
[Result "0-1"]
[WhiteElo "2162"]
[BlackElo "2159"]
[PlyCount "82"]
[EventDate "2014.??.??"]

1. b3 e5 2. Bb2 Nc6 3. e3 Nf6 4. Ne2 Be7 5. d4 exd4 6. Nxd4 d5 7. Nxc6 bxc6 8.
Bd3 a5 9. Qe2 a4 10. O-O O-O 11. Nc3 axb3 12. axb3 Be6 13. e4 d4 14. Rxa8 Qxa8
15. Na4 c5 16. Ra1 Qc6 17. f3 Nd7 18. Bc4 Nb6 19. Bxe6 fxe6 20. Nxb6 cxb6 21.
Ra7 Bg5 22. Qa6 Be3+ 23. Kf1 Qxe4 24. Qb7 Qg6 25. b4 c4 26. b5 h6 27. Ba3 Rf4
28. Bd6 Rf7 29. Qxf7+ Qxf7 30. Rxf7 Kxf7 31. Ke2 Bg1 32. Kf1 d3 33. cxd3 cxd3
34. Bf4 Bd4 35. Ke1 Bc3+ 36. Kd1 e5 37. Be3 Ba5 38. Bd2 Ke6 39. Bxa5 bxa5 40.
Kd2 Kd5 41. Kxd3 Kc5 0-1

[Event "ESCC 2014 - 65+ Rapid"]
[Site "Porto POR"]
[Date "2014.03.20"]
[Round "6.5"]
[White "Grinberg, Iosif P"]
[Black "Kozlovskaya, Valentina"]
[Result "1-0"]
[WhiteElo "2161"]
[BlackElo "2155"]
[PlyCount "67"]
[EventDate "2014.??.??"]

1. e4 c5 2. a3 Nc6 3. b4 e6 4. b5 Na5 5. Nf3 b6 6. Bb2 Nf6 7. e5 Nd5 8. c4 Nf4
9. g3 Ng6 10. h4 Bb7 11. h5 Ne7 12. d3 Nf5 13. Nbd2 d5 14. exd6 Bxd6 15. h6 f6
16. hxg7 Nxg7 17. Rh6 Be7 18. Ne4 Bxe4 19. dxe4 Qxd1+ 20. Rxd1 e5 21. Nh4 O-O
22. Nf5 Nxf5 23. exf5 Rad8 24. Bg2 Kg7 25. Rh4 Rxd1+ 26. Kxd1 Rd8+ 27. Kc2 Nb7
28. Bxb7 Kh8 29. Bd5 Bf8 30. f4 Bg7 31. fxe5 fxe5 32. g4 Rf8 33. Bc1 Re8 34. g5
1-0

[Event "ESCC 2014 - 65+ Rapid"]
[Site "Porto POR"]
[Date "2014.03.20"]
[Round "6.6"]
[White "Tseitlin, Mark D"]
[Black "Khmiadashvili, Tamar"]
[Result "1-0"]
[WhiteElo "2353"]
[BlackElo "2026"]
[PlyCount "135"]
[EventDate "2014.??.??"]

1. e4 e5 2. Nf3 Nc6 3. Bb5 a6 4. Ba4 Be7 5. O-O Nf6 6. Re1 b5 7. Bb3 O-O 8. h3
d6 9. c3 Be6 10. d4 Na5 11. Bxe6 fxe6 12. Nbd2 exd4 13. cxd4 Nd7 14. b4 Nc4 15.
Nxc4 bxc4 16. d5 Bf6 17. Nd4 Bxd4 18. Qxd4 Qf6 19. Bb2 e5 20. Qd2 a5 21. Bc3 a4
22. Qe2 Nb6 23. Bd2 Qg6 24. f3 Rac8 25. Be3 Rf7 26. Rac1 h5 27. Rf1 Rb8 28.
Bxb6 Rxb6 29. Rxc4 Qg5 30. a3 Rb8 31. Rc3 Rbf8 32. Qc2 h4 33. Qxa4 Qd2 34. Qc2
Qd4+ 35. Kh2 Rf6 36. Rxc7 Rg6 37. Qf2 Qd3 38. Rfc1 Rg3 39. Rc8 Qxa3 40. Rxf8+
Kxf8 41. Rb1 Qd3 42. Rb2 Qb5 43. f4 exf4 44. Qxf4+ Kg8 45. Qxh4 Rg6 46. Rf2
Qxb4 47. Qd8+ Kh7 48. Rf8 Rxg2+ 49. Kxg2 Qxe4+ 50. Rf3 Qe2+ 51. Kg3 Qe1+ 52.
Rf2 Qe3+ 53. Kg2 Qe4+ 54. Kf1 Qh1+ 55. Ke2 Qe4+ 56. Kd1 Qxd5+ 57. Rd2 Qb3+ 58.
Ke2 Qe6+ 59. Kf1 Qf5+ 60. Kg1 Qc5+ 61. Rf2 Qc1+ 62. Kh2 Qe3 63. Qh4+ Kg8 64.
Qf4 Qe6 65. Qf8+ Kh7 66. Qf5+ Qxf5 67. Rxf5 Kg6 68. Rd5 1-0

[Event "ESCC 2014 - 65+ Rapid"]
[Site "Porto POR"]
[Date "2014.03.20"]
[Round "6.7"]
[White "Malachi, Avraham"]
[Black "Sasu-Ducsoara, Adrian-Florian"]
[Result "1-0"]
[WhiteElo "2097"]
[BlackElo "2170"]
[PlyCount "145"]
[EventDate "2014.??.??"]

1. e4 c5 2. Nf3 Nf6 3. Nc3 Nc6 4. d4 d5 5. exd5 Nxd5 6. Nxd5 Qxd5 7. Be3 cxd4
8. Nxd4 a6 9. Qf3 Qxf3 10. Nxf3 Nb4 11. Bd3 Nxd3+ 12. cxd3 Bg4 13. Ne5 Bf5 14.
Ke2 f6 15. Nc4 e5 16. Rac1 Rd8 17. Rhd1 Kf7 18. Nb6 Bd6 19. Rc3 g5 20. Nc4 Bb8
21. a4 Rd7 22. Nb6 Rd6 23. Nc4 Re6 24. Rb3 Re7 25. Bc5 Rd7 26. Nb6 Rc7 27. Rc1
Rd8 28. Be3 Rxc1 29. Bxc1 Be6 30. Nc4 Rd7 31. f3 Ba7 32. Be3 Bxe3 33. Kxe3 Bd5
34. a5 Bc6 35. Rb6 Ke6 36. Nd2 f5 37. g4 fxg4 38. fxg4 h6 39. Ne4 Rf7 40. b4
Rf4 41. b5 axb5 42. a6 Kd7 43. axb7 Bxb7 44. Rxb7+ Kc6 45. Re7 Rxg4 46. Re6+
Kc7 47. Rxh6 b4 48. Re6 b3 49. Rxe5 Kc6 50. Rc5+ Kb6 51. Rc3 Rh4 52. Rxb3+ Kc6
53. Rb2 Rh3+ 54. Ng3 Kc5 55. Kf3 Rh4 56. Ne4+ Kd4 57. Rb4+ Kxd3 58. Nf2+ Kd2
59. Rxh4 gxh4 60. Kg4 Ke3 61. Nh1 Ke4 62. Kxh4 Kf5 63. Kg3 Kg5 64. h4+ Kh5 65.
Nf2 Kh6 66. Kg4 Kg6 67. h5+ Kh6 68. Kh4 Kg7 69. Kg5 Kh7 70. h6 Kg8 71. Kg6 Kh8
72. Ng4 Kg8 73. Ne5 1-0

[Event "ESCC 2014 - 65+ Rapid"]
[Site "Porto POR"]
[Date "2014.03.20"]
[Round "6.8"]
[White "Hutchinson, Norman A"]
[Black "Boysan, Hasan Ferit"]
[Result "0-1"]
[WhiteElo "2100"]
[BlackElo "1969"]
[PlyCount "80"]
[EventDate "2014.??.??"]

1. e4 c5 2. c3 Nf6 3. e5 Nd5 4. Nf3 Nc6 5. Bc4 Nc7 6. d4 cxd4 7. cxd4 d5 8. Bd3
Bg4 9. Nbd2 e6 10. O-O Be7 11. a3 Rc8 12. Qb3 Qd7 13. h3 Bh5 14. Rd1 Na5 15.
Qa2 a6 16. b4 Nc6 17. Be2 Nb5 18. Bb2 O-O 19. Nf1 f6 20. Ng3 Bg6 21. Nh4 Bc2
22. Rdc1 fxe5 23. Rxc2 Bxh4 24. dxe5 Bxg3 25. fxg3 Ncd4 26. Bxb5 Nxb5 27. Rac1
Rxc2 28. Rxc2 Rc8 29. Rf2 Nc3 30. Qb3 Ne4 31. Rf1 Nd2 32. Qd3 Nxf1 33. Qxf1 Rc2
34. Bd4 Qb5 35. Bc5 Qxf1+ 36. Kxf1 Kf7 37. a4 Kg6 38. a5 Kf5 39. Bd6 Ke4 40. g4
d4 0-1

[Event "ESCC 2014 - 65+ Rapid"]
[Site "Porto POR"]
[Date "2014.03.20"]
[Round "6.9"]
[White "Tsifanskaya, Ludmila A"]
[Black "Sevenyuk, Alexey"]
[Result "1/2-1/2"]
[WhiteElo "2106"]
[BlackElo "1918"]
[PlyCount "135"]
[EventDate "2014.??.??"]

1. e4 c5 2. Nf3 d6 3. c3 Nf6 4. Bd3 g6 5. Bc2 Bg7 6. h3 e5 7. d4 exd4 8. cxd4
O-O 9. O-O cxd4 10. Nxd4 d5 11. e5 Ne8 12. f4 Nc6 13. Be3 Nc7 14. Nc3 Nxd4 15.
Bxd4 Qh4 16. Qf3 Bh6 17. Rad1 Ne6 18. Nxd5 Nxd4 19. Rxd4 Be6 20. Nf6+ Kh8 21.
Qf2 Qxf2+ 22. Rxf2 Rfd8 23. Rb4 b6 24. Be4 Rac8 25. a4 Bf8 26. Rb5 Bc4 27. Kh2
Bxb5 28. axb5 Rc5 29. Bc6 Bh6 30. Ng4 Bg7 31. Ne3 Rd4 32. g3 Rc1 33. b3 Bf8 34.
Nc4 Bc5 35. Re2 Rdd1 36. Be4 Bg1+ 37. Kg2 Bc5 38. f5 Rh1 39. fxg6 fxg6 40. e6
Rcg1+ 41. Kf3 Rxh3 42. Rg2 Rf1+ 43. Kg4 Rh5 44. Rd2 Be7 45. Rd7 Rg5+ 46. Kh3
Re1 47. Bd5 Rxd5 48. Rxd5 Rxe6 49. Rd7 Bc5 50. Rxa7 Re7 51. Rxe7 Bxe7 52. Nxb6
Kg7 53. Nd5 Bd6 54. b6 Kf7 55. Kg4 h6 56. Nc7 Ke7 57. Kf3 Kd7 58. g4 Kc6 59.
Ne8 Be5 60. Ke4 Bb2 61. Nc7 Kxb6 62. Nd5+ Kb5 63. Ne7 h5 64. gxh5 gxh5 65. Nd5
h4 66. Kf3 Kc5 67. Nf4 Kb4 68. Ke4 1/2-1/2

[Event "ESCC 2014 - 65+ Rapid"]
[Site "Porto POR"]
[Date "2014.03.20"]
[Round "6.10"]
[White "Zhelesny, Stanislav"]
[Black "Alves, Fernando"]
[Result "1-0"]
[WhiteElo "2171"]
[BlackElo "1802"]
[PlyCount "61"]
[EventDate "2014.??.??"]

1. d4 Nf6 2. c4 c5 3. Nf3 g6 4. g3 Bg7 5. Bg2 O-O 6. O-O d6 7. Nc3 a6 8. dxc5
dxc5 9. Qc2 Nc6 10. Be3 Qc7 11. Nd5 Nxd5 12. cxd5 Ne5 13. Qxc5 Qxc5 14. Bxc5
Nxf3+ 15. Bxf3 Re8 16. Rab1 Bd7 17. e4 Rac8 18. Be3 Rc2 19. Bc1 Bb5 20. Bd1 Rc4
21. Re1 Rec8 22. Bb3 R4c5 23. Be3 R5c7 24. Bb6 Rd7 25. a4 Bc4 26. Rbc1 Bxb3 27.
Rxc8+ Bf8 28. a5 Kg7 29. Rec1 f5 30. f3 e5 31. R1c7 1-0

[Event "ESCC 2014 - 65+ Rapid"]
[Site "Porto POR"]
[Date "2014.03.20"]
[Round "6.11"]
[White "Grabow, Pouelsten Holm"]
[Black "Kabanova, Irina"]
[Result "1-0"]
[WhiteElo "2095"]
[BlackElo "1966"]
[PlyCount "83"]
[EventDate "2014.??.??"]

1. c4 Nf6 2. Nf3 e6 3. Nc3 c5 4. e3 Nc6 5. Be2 Be7 6. O-O O-O 7. d4 d5 8. cxd5
exd5 9. b3 cxd4 10. Nxd4 Nxd4 11. Qxd4 Be6 12. Bb2 a6 13. Rfd1 Qa5 14. a3 Qc5
15. Qxc5 Bxc5 16. b4 Be7 17. Bf3 Rfd8 18. Rd2 Rd6 19. Rad1 Rad8 20. h3 b6 21.
Ne2 Ne4 22. Rc2 h6 23. Rdc1 Ng5 24. Nd4 Bd7 25. Be2 b5 26. Nb3 Ne4 27. Bd4 Rg6
28. Kf1 Bh4 29. Bd3 Rf6 30. Bxf6 Bxf6 31. Bxe4 dxe4 32. Rd1 Be6 33. Rxd8+ Bxd8
34. Nd2 f5 35. Rc6 Kf7 36. Rxa6 Bf6 37. Ke2 Bb2 38. a4 Bd7 39. Ra7 Ke6 40. a5
Bc3 41. a6 Bxb4 42. Rxd7 1-0